| 000 | 01762cam a22004694i 4500 | ||
|---|---|---|---|
| 003 | PE-LiUPU | ||
| 005 | 20250731184541.0 | ||
| 008 | 150623s r 000 0 d | ||
| 020 | _a1575060310 | ||
| 035 | _a(Sirsi) i9781575060316 | ||
| 040 |
_aPE-LiUPU _bspa _cPE-LiUPU _erda |
||
| 049 | _aPRUA | ||
| 082 | 0 | 4 |
_a935.01 _bB83 _221 |
| 100 | 1 |
_aPierre, Briant, _eautor. |
|
| 245 | 1 | 0 |
_aFrom Cyrus to Alexander : _ba history of the Persian Empire / _cBriant Pierre. |
| 264 | 1 |
_aWinona Lake, Indiana : _bEisenbrauns, _c2002. |
|
| 300 |
_a1196 páginas : _bilustraciones, gráficos ; _c25 centímetros |
||
| 336 |
_atext _2rdacontent |
||
| 337 |
_aunmediated _2rdamedia |
||
| 338 |
_avolume _2rdacarrier |
||
| 504 | _aIncluye bibliografía. | ||
| 505 | 0 | _aThe empire-builders: from Cyrus to Darius. -The great king. -Territories, populations, and the dependent economy. -From Xerxes to Darius III: an empire in Turmoil. -The fourth century and the empire of Darius III in the Achaemenid longue durée: a prospective assessment. -The fall of an empire (336-330). | |
| 526 | _aP136 | ||
| 526 | _aP135 | ||
| 526 | _aP134 | ||
| 526 | _aP133 | ||
| 526 | _aP144 | ||
| 526 | _aP143 | ||
| 526 | _aP87 | ||
| 526 | _aP35 | ||
| 526 | _aP20 | ||
| 526 | _aP14 | ||
| 526 | _aP10 | ||
| 526 | _aP06 | ||
| 650 | 0 | 4 |
_aPersia _xHistoria. |
| 942 |
_2ddc _cBOOK |
||
| 949 |
_a935.01 B83 _wDEWEY _c1 _i49636 _lCCODEBUL1 _mBUL _r0 _sY _tBOOK _u2015-6-24 _xTEOLOGIA _PP35 _0COMPRA _o.STAFF. Colección General |
||
| 994 |
_aC0 _bPEPRU |
||
| 596 | _a1 | ||
| 999 |
_a935.01 B83 _wDEWEY _c32467 _i49636 _f2021-11-11 _g5 _lCCODEBUL1 _mBUL _r0 _sY _tBOOK _u2015-6-24 _xTEOLOGIA _PP35 _0COMPRA _o.STAFF. Colección General _d32467 |
||
| 980 |
_81 _gALBERTO SANCHEZ Responsable de Automatización |
||